00804cam a2200241 i 4500001000300000003000900003005001700012008004100029015001700070040003500087041001800122080001500140100003700155245008000192260004800272300002600320504001500346546004000361650003500401648001400436648001400450856009800464bgKOSZ 00520240405063026.0010521s1977 pl |000 0 pol  aPB 1977/2019 aWA NcKOSZ 005/HRdKOSZ 005/HR0 apolbfrebrus a342.7(438)1 aWawrzyniak, Jand(1945- )eAutor10aRówność obywateli PRL :bstudium prawno-polityczne /cJan Wawrzyniak. aWarszawa :bPańst. Wydaw. Naukowe,c1977. a254, [2] s. ;c20 cm. aBibliogr.  aSpis treści również fr., ros. 4aRówność (prawo)zPolska. a1901-2000 a1945-1989 uhttp://koha.tu.koszalin.pl/cgi-bin/koha/opac-detail.pl?biblionumber=17423yKatalog online BPK